[Event "Irena Warakomska Memorial A"]
[Site "Suwalki"]
[Date "2018.08.07"]
[Round "8"]
[White "Bernadskiy, Vitaliy"]
[Black "Caspi, Israel"]
[Result "1-0"]
[Board "5"]
[WhiteElo "2586"]
[WhiteTitle "GM"]
[WhiteCountry "UKR"]
[WhiteFideId "14100371"]
[WhiteEloChange "4"]
[BlackElo "2484"]
[BlackTitle "IM"]
[BlackCountry "ISR"]
[BlackFideId "2807394"]
[BlackEloChange "-4"]

1. Nf3 {[%clk 1:30:58]} f5 {[%clk 1:30:29]} 2. d3 {[%clk 1:31:24]} Nc6 {[%clk
1:29:01]} 3. g3 {[%clk 1:31:43]} g6 {[%clk 1:27:09]} 4. Bg2 {[%clk 1:31:08]} Bg7
{[%clk 1:27:32]} 5. e4 {[%clk 1:29:27]} d6 {[%clk 1:22:51]} 6. O-O {[%clk
1:29:00]} Nf6 {[%clk 1:22:41]} 7. exf5 {[%clk 1:27:31]} Bxf5 {[%clk 1:23:04]} 8.
d4 {[%clk 1:27:59]} O-O {[%clk 0:51:00]} 9. d5 {[%clk 1:20:01]} Nb4 {[%clk
0:43:01]} 10. Nd4 {[%clk 1:19:50]} Bg4 {[%clk 0:43:25]} 11. Qe1 {[%clk 1:10:54]}
c5 {[%clk 0:43:43]} 12. dxc6 {[%clk 1:07:34]} Nxc6 {[%clk 0:44:06]} 13. Ne6
{[%clk 1:07:35]} Bxe6 {[%clk 0:44:23]} 14. Qxe6+ {[%clk 1:08:02]} Kh8 {[%clk
0:43:34]} 15. c3 {[%clk 0:59:38]} Qb6 {[%clk 0:40:18]} 16. Nd2 {[%clk 0:59:04]}
Ne5 {[%clk 0:39:37]} 17. Qxe7 {[%clk 0:54:17]} Rf7 {[%clk 0:23:58]} 18. Qe6
{[%clk 0:54:32]} Raf8 {[%clk 0:23:56]} 19. Nc4 {[%clk 0:49:03]} Nxc4 {[%clk
0:22:23]} 20. Qxc4 {[%clk 0:49:30]} Ng4 {[%clk 0:22:44]} 21. Bf4 {[%clk 0:41:15]}
g5 {[%clk 0:20:18]} 22. Be3 {[%clk 0:20:01]} Nxe3 {[%clk 0:20:15]} 23. fxe3
{[%clk 0:20:27]} Qxb2 {[%clk 0:14:23]} 24. Rxf7 {[%clk 0:19:15]} Qxa1+ {[%clk
0:14:47]} 25. Bf1 {[%clk 0:19:04]} Re8 {[%clk 0:13:10]} 26. Qa4 {[%clk 0:14:02]}
Rg8 {[%clk 0:12:39]} 27. Qe4 {[%clk 0:14:05]} d5 {[%clk 0:10:49]} 28. Qxd5 {[%clk
0:12:22]} Qxc3 {[%clk 0:10:48]} 29. Qe4 {[%clk 0:09:54]} Rd8 {[%clk 0:02:48]} 30.
Rxb7 {[%clk 0:06:50]} g4 {[%clk 0:02:40]} 31. Rxa7 {[%clk 0:05:21]} Rf8 {[%clk
0:02:38]} 32. Ra8 {[%clk 0:05:17]} h5 {[%clk 0:01:29]} 33. Rxf8+ {[%clk 0:05:24]}
Bxf8 {[%clk 0:01:57]} 34. Qd4+ {[%clk 0:01:18]} Bg7 {[%clk 0:01:31]} 35. Qxc3
{[%clk 0:01:11]} Bxc3 {[%clk 0:01:56]} 36. Be2 {[%clk 0:00:42]} Be5 {[%clk
0:01:33]} 37. a4 {[%clk 0:01:02]} Bc7 {[%clk 0:01:59]} 38. Kf2 {[%clk 0:01:01]}
Kg7 {[%clk 0:02:23]} 39. e4 {[%clk 0:00:48]} Bb6+ {[%clk 0:02:44]} 40. Kg2 {[%clk
0:31:07]} Kf6 {[%clk 0:32:23]} 41. h3 {[%clk 0:29:56]} Ke5 {[%clk 0:14:59]} 42.
hxg4 {[%clk 0:28:34]} hxg4 {[%clk 0:15:19]} 43. Bxg4 {[%clk 0:29:02]} Kxe4 {[%clk
0:15:40]} 44. Bc8 {[%clk 0:28:01]} Ke3 {[%clk 0:09:28]} 45. g4 {[%clk 0:28:02]}
Bd8 {[%clk 0:08:27]} 46. Kg3 {[%clk 0:27:41]} Ke4 {[%clk 0:07:56]} 47. Bd7 {[%clk
0:27:05]} Ke3 {[%clk 0:07:29]} 48. Bc6 {[%clk 0:27:02]} Bc7+ {[%clk 0:07:02]} 49.
Kh4 {[%clk 0:27:12]} Kf4 {[%clk 0:07:19]} 50. Kh5 {[%clk 0:27:38]} Bd8 {[%clk
0:07:30]} 51. Bd7 {[%clk 0:27:56]} Ba5 {[%clk 0:05:27]} 52. g5 {[%clk 0:28:15]}
Ke5 {[%clk 0:05:46]} 53. g6 {[%clk 0:28:21]} Kf6 {[%clk 0:06:03]} 54. Kh6 {[%clk
0:28:42]} 1-0

[Event "Irena Warakomska Memorial A"]
[Site "Suwalki"]
[Date "2018.08.07"]
[Round "8"]
[White "Stupak, Kirill"]
[Black "Koziak, Vitali"]
[Result "1-0"]
[Board "8"]
[WhiteElo "2575"]
[WhiteTitle "GM"]
[WhiteCountry "BLR"]
[WhiteFideId "13503758"]
[WhiteEloChange "4"]
[BlackElo "2473"]
[BlackTitle "IM"]
[BlackCountry "UKR"]
[BlackFideId "14102234"]
[BlackEloChange "-4"]

1. d4 {[%clk 1:30:58]} d5 {[%clk 1:29:11]} 2. Nf3 {[%clk 1:31:02]} Nf6 {[%clk
1:28:56]} 3. c4 {[%clk 1:31:24]} c6 {[%clk 1:26:22]} 4. Nc3 {[%clk 1:31:35]} dxc4
{[%clk 1:25:36]} 5. a4 {[%clk 1:32:02]} Bf5 {[%clk 1:24:50]} 6. Ne5 {[%clk
1:32:27]} e6 {[%clk 1:23:29]} 7. f3 {[%clk 1:32:49]} Bb4 {[%clk 1:22:57]} 8. Bg5
{[%clk 1:33:01]} h6 {[%clk 1:11:10]} 9. Bh4 {[%clk 1:33:00]} b5 {[%clk 1:04:11]}
10. e4 {[%clk 1:30:59]} Bh7 {[%clk 1:02:17]} 11. Be2 {[%clk 1:16:04]} Qb6 {[%clk
0:59:03]} 12. O-O {[%clk 1:12:34]} Nfd7 {[%clk 0:54:12]} 13. f4 {[%clk 1:01:07]}
O-O {[%clk 0:46:53]} 14. Bh5 {[%clk 0:49:27]} Nxe5 {[%clk 0:44:35]} 15. fxe5
{[%clk 0:49:47]} Nd7 {[%clk 0:43:56]} 16. Na2 {[%clk 0:46:32]} a5 {[%clk
0:25:03]} 17. Nxb4 {[%clk 0:42:07]} axb4 {[%clk 0:25:04]} 18. Be7 {[%clk
0:42:34]} c5 {[%clk 0:21:21]} 19. a5 {[%clk 0:26:54]} Qa7 {[%clk 0:21:00]} 20. d5
{[%clk 0:27:01]} Nxe5 {[%clk 0:13:36]} 21. Bxf8 {[%clk 0:26:30]} Rxf8 {[%clk
0:13:07]} 22. dxe6 {[%clk 0:26:51]} g6 {[%clk 0:08:15]} 23. Qd5 {[%clk 0:19:33]}
gxh5 {[%clk 0:04:46]} 24. Qxe5 {[%clk 0:19:17]} c3 {[%clk 0:04:20]} 25. bxc3
{[%clk 0:16:07]} bxc3 {[%clk 0:03:35]} 26. Qg3+ {[%clk 0:13:17]} Bg6 {[%clk
0:03:46]} 27. exf7+ {[%clk 0:13:04]} Kh7 {[%clk 0:04:01]} 28. Qxc3 {[%clk
0:10:26]} b4 {[%clk 0:03:23]} 29. Qe3 {[%clk 0:08:58]} Rxf7 {[%clk 0:03:35]} 30.
Rxf7+ {[%clk 0:08:07]} Bxf7 {[%clk 0:03:56]} 31. e5 {[%clk 0:08:35]} b3 {[%clk
0:03:59]} 32. e6 {[%clk 0:08:16]} Bxe6 {[%clk 0:02:26]} 33. Qxe6 {[%clk 0:07:51]}
c4+ {[%clk 0:02:51]} 34. Kh1 {[%clk 0:07:39]} 1-0

[Event "Irena Warakomska Memorial A"]
[Site "Suwalki"]
[Date "2018.08.07"]
[Round "8"]
[White "Kanarek, Marcel"]
[Black "Karthik Venkataraman"]
[Result "0-1"]
[Board "9"]
[WhiteElo "2508"]
[WhiteTitle "GM"]
[WhiteCountry "POL"]
[WhiteFideId "1126822"]
[WhiteEloChange "-5"]
[BlackElo "2514"]
[BlackTitle "IM"]
[BlackCountry "IND"]
[BlackFideId "25006479"]
[BlackEloChange "5"]

1. e4 {[%clk 1:30:51]} c5 {[%clk 1:30:57]} 2. Nf3 {[%clk 1:31:18]} d6 {[%clk
1:31:13]} 3. d4 {[%clk 1:31:41]} Nf6 {[%clk 1:31:40]} 4. Nc3 {[%clk 1:32:06]}
cxd4 {[%clk 1:32:06]} 5. Nxd4 {[%clk 1:32:29]} a6 {[%clk 1:32:34]} 6. Bg5 {[%clk
1:32:53]} e6 {[%clk 1:32:59]} 7. f4 {[%clk 1:33:17]} h6 {[%clk 1:33:26]} 8. Bh4
{[%clk 1:33:37]} Qb6 {[%clk 1:33:53]} 9. a3 {[%clk 1:33:32]} Be7 {[%clk 1:34:18]}
10. Bf2 {[%clk 1:33:51]} Qc7 {[%clk 1:34:44]} 11. Qf3 {[%clk 1:33:55]} Nbd7
{[%clk 1:35:09]} 12. O-O-O {[%clk 1:34:03]} b5 {[%clk 1:35:37]} 13. g4 {[%clk
1:34:01]} Bb7 {[%clk 1:36:02]} 14. Bg2 {[%clk 1:33:32]} g5 {[%clk 1:36:27]} 15.
h4 {[%clk 1:33:19]} gxf4 {[%clk 1:36:52]} 16. g5 {[%clk 1:33:25]} Ne5 {[%clk
1:37:12]} 17. Qxf4 {[%clk 1:33:42]} hxg5 {[%clk 1:37:37]} 18. hxg5 {[%clk
1:31:41]} Rxh1 {[%clk 1:38:02]} 19. Rxh1 {[%clk 1:28:34]} Nfd7 {[%clk 1:38:27]}
20. Kb1 {[%clk 1:07:45]} Ng6 {[%clk 1:35:07]} 21. Qg3 {[%clk 1:03:35]} Nde5
{[%clk 1:34:23]} 22. Bh3 {[%clk 0:55:17]} Bc8 {[%clk 1:27:42]} 23. Nf5 {[%clk
0:49:25]} Bf8 {[%clk 1:28:05]} 24. Nh6 {[%clk 0:34:19]} Rb8 {[%clk 1:26:21]} 25.
Ng8 {[%clk 0:22:34]} Bg7 {[%clk 1:24:07]} 26. Nf6+ {[%clk 0:19:49]} Bxf6 {[%clk
1:24:10]} 27. gxf6 {[%clk 0:20:17]} b4 {[%clk 1:24:13]} 28. axb4 {[%clk 0:20:15]}
Rxb4 {[%clk 1:24:37]} 29. Bf1 {[%clk 0:14:58]} Bb7 {[%clk 1:22:54]} 30. Rh7
{[%clk 0:14:03]} Qd8 {[%clk 1:18:17]} 31. Rg7 {[%clk 0:05:06]} Qxf6 {[%clk
1:17:56]} 32. Rg8+ {[%clk 0:05:26]} Kd7 {[%clk 1:17:57]} 33. Nd1 {[%clk 0:02:15]}
Nf3 {[%clk 1:14:01]} 34. Bd3 {[%clk 0:01:03]} Bxe4 {[%clk 1:06:18]} 35. Bxe4
{[%clk 0:00:37]} Nd2+ {[%clk 1:06:43]} 36. Kc1 {[%clk 0:00:49]} Nxe4 {[%clk
1:07:09]} 37. Qa3 {[%clk 0:00:40]} Qg5+ {[%clk 1:07:34]} 38. Be3 {[%clk 0:00:46]}
Qb5 {[%clk 1:07:58]} 39. b3 {[%clk 0:00:37]} Qb7 {[%clk 1:03:18]} 40. Qa5 {[%clk
0:30:38]} Ne5 {[%clk 1:24:06]} 41. Qd8+ {[%clk 0:26:39]} Kc6 {[%clk 1:24:31]} 42.
Qe8+ {[%clk 0:25:25]} Kd5 {[%clk 1:19:06]} 43. Bg1 {[%clk 0:15:15]} Rxb3 {[%clk
1:09:32]} 44. Ne3+ {[%clk 0:08:04]} Rxe3 {[%clk 1:09:56]} 45. Bxe3 {[%clk
0:08:24]} Nc4 {[%clk 1:09:59]} 46. Bg1 {[%clk 0:04:03]} Nc3 {[%clk 1:08:44]} 47.
Bb6 {[%clk 0:00:46]} Qxb6 {[%clk 1:06:32]} 48. Qa8+ {[%clk 0:00:47]} Kc5 {[%clk
1:04:14]} 49. Rc8+ {[%clk 0:00:37]} Kd4 {[%clk 1:04:32]} 50. Rb8 {[%clk 0:00:33]}
Qc5 {[%clk 1:04:54]} 0-1

[Event "Irena Warakomska Memorial A"]
[Site "Suwalki"]
[Date "2018.08.07"]
[Round "8"]
[White "Ulybin, Mikhail"]
[Black "Kyc, Jerzy"]
[Result "1/2-1/2"]
[Board "14"]
[WhiteElo "2512"]
[WhiteTitle "GM"]
[WhiteCountry "RUS"]
[WhiteFideId "4101405"]
[WhiteEloChange "-3"]
[BlackElo "2269"]
[BlackCountry "POL"]
[BlackFideId "1163922"]
[BlackEloChange "6"]

1. d4 {[%clk 1:23:45]} Nf6 {[%clk 1:30:58]} 2. c4 {[%clk 1:23:28]} g6 {[%clk
1:31:16]} 3. Nc3 {[%clk 1:23:14]} d5 {[%clk 1:31:44]} 4. cxd5 {[%clk 1:22:09]}
Nxd5 {[%clk 1:32:11]} 5. Bd2 {[%clk 1:21:27]} Bg7 {[%clk 1:32:35]} 6. e4 {[%clk
1:20:40]} Nxc3 {[%clk 1:32:07]} 7. Bxc3 {[%clk 1:20:30]} O-O {[%clk 1:32:18]} 8.
Qd2 {[%clk 1:18:29]} Nd7 {[%clk 1:31:51]} 9. Nf3 {[%clk 1:14:33]} Nb6 {[%clk
1:16:03]} 10. a4 {[%clk 1:01:54]} f5 {[%clk 1:14:58]} 11. exf5 {[%clk 0:38:05]}
Bxf5 {[%clk 1:15:16]} 12. a5 {[%clk 0:37:04]} Nd5 {[%clk 1:15:42]} 13. Bc4 {[%clk
0:36:17]} Kh8 {[%clk 1:04:04]} 14. O-O {[%clk 0:32:25]} Qd6 {[%clk 0:43:43]} 15.
Rfe1 {[%clk 0:25:11]} Nxc3 {[%clk 0:31:06]} 16. bxc3 {[%clk 0:24:18]} c5 {[%clk
0:27:46]} 17. Qe3 {[%clk 0:13:30]} cxd4 {[%clk 0:27:58]} 18. cxd4 {[%clk
0:13:01]} Rac8 {[%clk 0:26:39]} 19. Ne5 {[%clk 0:11:38]} Bxe5 {[%clk 0:25:34]}
20. dxe5 {[%clk 0:11:43]} Qc5 {[%clk 0:26:02]} 21. Bf1 {[%clk 0:09:30]} Qxe3
{[%clk 0:25:51]} 22. Rxe3 {[%clk 0:09:45]} Rfd8 {[%clk 0:23:36]} 23. Be2 {[%clk
0:04:47]} Rd5 {[%clk 0:21:32]} 24. f4 {[%clk 0:03:43]} Rcc5 {[%clk 0:09:18]} 25.
Rb3 {[%clk 0:03:26]} Rxa5 {[%clk 0:07:49]} 26. Rxa5 {[%clk 0:03:33]} Rxa5 {[%clk
0:08:18]} 27. Rxb7 {[%clk 0:03:49]} Ra4 {[%clk 0:06:26]} 28. g3 {[%clk 0:01:52]}
e6 {[%clk 0:06:32]} 29. Kf2 {[%clk 0:01:25]} h5 {[%clk 0:06:34]} 30. Ke3 {[%clk
0:00:53]} Kg8 {[%clk 0:04:10]} 31. Rc7 {[%clk 0:00:40]} Ra2 {[%clk 0:02:08]} 32.
Rc8+ {[%clk 0:00:37]} Kf7 {[%clk 0:02:35]} 33. Rc7+ {[%clk 0:00:52]} Kf8 {[%clk
0:02:51]} 34. Bc4 {[%clk 0:00:40]} Rxh2 {[%clk 0:02:58]} 35. Rxa7 {[%clk
0:00:45]} Rg2 {[%clk 0:02:59]} 36. Ra8+ {[%clk 0:00:39]} Kf7 {[%clk 0:03:18]} 37.
Ra7+ {[%clk 0:00:50]} Kf8 {[%clk 0:03:47]} 38. Ra8+ {[%clk 0:00:47]} Kf7 {[%clk
0:04:11]} 39. Ra7+ {[%clk 0:01:01]} 1/2-1/2

[Event "Irena Warakomska Memorial A"]
[Site "Suwalki"]
[Date "2018.08.07"]
[Round "8"]
[White "Gumularz, Szymon"]
[Black "Szustakowski, Antoni"]
[Result "1-0"]
[Board "15"]
[WhiteElo "2461"]
[WhiteTitle "IM"]
[WhiteCountry "POL"]
[WhiteFideId "1188062"]
[WhiteEloChange "3"]
[BlackElo "2330"]
[BlackTitle "FM"]
[BlackCountry "POL"]
[BlackFideId "1167677"]
[BlackEloChange "-6"]

1. d4 {[%clk 1:30:53]} Nf6 {[%clk 1:30:48]} 2. c4 {[%clk 1:31:19]} e6 {[%clk
1:31:11]} 3. Nc3 {[%clk 1:31:46]} d5 {[%clk 1:31:34]} 4. cxd5 {[%clk 1:31:52]}
Nxd5 {[%clk 1:31:57]} 5. e3 {[%clk 1:29:15]} c5 {[%clk 1:31:38]} 6. Bd3 {[%clk
1:29:39]} cxd4 {[%clk 1:31:00]} 7. exd4 {[%clk 1:30:04]} Nxc3 {[%clk 1:31:22]} 8.
bxc3 {[%clk 1:30:29]} Qc7 {[%clk 1:31:45]} 9. Bd2 {[%clk 1:26:41]} Nd7 {[%clk
1:30:57]} 10. Qg4 {[%clk 1:25:08]} Nf6 {[%clk 1:29:39]} 11. Qg3 {[%clk 1:25:19]}
Qxg3 {[%clk 1:29:42]} 12. hxg3 {[%clk 1:25:47]} Bd6 {[%clk 1:26:26]} 13. Nf3
{[%clk 1:24:34]} h6 {[%clk 1:25:06]} 14. Ke2 {[%clk 1:23:04]} Ke7 {[%clk
1:24:06]} 15. Rhb1 {[%clk 1:13:33]} Rb8 {[%clk 1:17:39]} 16. a4 {[%clk 1:08:59]}
Bd7 {[%clk 1:10:57]} 17. Ne5 {[%clk 0:57:40]} Rhc8 {[%clk 1:02:56]} 18. c4 {[%clk
0:55:01]} Be8 {[%clk 0:59:07]} 19. a5 {[%clk 0:52:53]} Nd7 {[%clk 0:57:00]} 20.
f4 {[%clk 0:51:09]} f6 {[%clk 0:57:22]} 21. Nf3 {[%clk 0:32:40]} Nf8 {[%clk
0:41:44]} 22. Rb3 {[%clk 0:26:13]} Bc6 {[%clk 0:35:36]} 23. Rab1 {[%clk 0:26:37]}
a6 {[%clk 0:26:34]} 24. f5 {[%clk 0:24:57]} exf5 {[%clk 0:21:50]} 25. d5 {[%clk
0:24:48]} Bd7 {[%clk 0:21:57]} 26. Rxb7 {[%clk 0:25:04]} Rxb7 {[%clk 0:18:38]}
27. Rxb7 {[%clk 0:25:28]} Bc5 {[%clk 0:18:58]} 28. Bxf5 {[%clk 0:24:02]} Kd8
{[%clk 0:19:00]} 29. Bd3 {[%clk 0:22:36]} Ke7 {[%clk 0:14:56]} 30. Be3 {[%clk
0:22:22]} Kf7 {[%clk 0:13:26]} 31. Kf2 {[%clk 0:13:42]} Bxe3+ {[%clk 0:09:05]}
32. Kxe3 {[%clk 0:14:08]} Rc5 {[%clk 0:09:19]} 33. Kd4 {[%clk 0:14:26]} Rxa5
{[%clk 0:09:42]} 34. c5 {[%clk 0:14:53]} Ra4+ {[%clk 0:10:06]} 35. Bc4 {[%clk
0:14:48]} Ke8 {[%clk 0:07:33]} 36. Rb8+ {[%clk 0:14:22]} Ke7 {[%clk 0:07:49]} 37.
d6# {[%clk 0:14:25]} 1-0

[Event "Irena Warakomska Memorial A"]
[Site "Suwalki"]
[Date "2018.08.07"]
[Round "8"]
[White "Bykovskiy, Oleg"]
[Black "Grib, Roman"]
[Result "1/2-1/2"]
[Board "28"]
[WhiteElo "2261"]
[WhiteTitle "FM"]
[WhiteCountry "UKR"]
[WhiteFideId "14129825"]
[WhiteEloChange "5"]
[BlackElo "2445"]
[BlackTitle "IM"]
[BlackCountry "BLR"]
[BlackFideId "13506706"]
[BlackEloChange "-2"]

1. e4 {[%clk 1:30:30]} c5 {[%clk 1:30:49]} 2. Nf3 {[%clk 1:30:54]} d6 {[%clk
1:31:09]} 3. d4 {[%clk 1:30:07]} cxd4 {[%clk 1:31:34]} 4. Nxd4 {[%clk 1:30:32]}
Nf6 {[%clk 1:31:58]} 5. Nc3 {[%clk 1:30:57]} g6 {[%clk 1:32:18]} 6. Be3 {[%clk
1:31:20]} Bg7 {[%clk 1:32:32]} 7. f3 {[%clk 1:31:45]} O-O {[%clk 1:32:47]} 8. Qd2
{[%clk 1:32:10]} Nc6 {[%clk 1:32:47]} 9. O-O-O {[%clk 1:32:35]} d5 {[%clk
1:33:06]} 10. Kb1 {[%clk 1:31:58]} Nxd4 {[%clk 1:32:45]} 11. e5 {[%clk 1:32:18]}
Nf5 {[%clk 1:22:33]} 12. exf6 {[%clk 1:32:27]} exf6 {[%clk 1:22:33]} 13. Bc5
{[%clk 1:30:23]} d4 {[%clk 1:22:17]} 14. Bxf8 {[%clk 1:24:59]} Qxf8 {[%clk
1:22:10]} 15. Nb5 {[%clk 1:25:19]} Be6 {[%clk 1:06:47]} 16. Bd3 {[%clk 1:23:07]}
Ne3 {[%clk 1:06:35]} 17. Nxd4 {[%clk 1:22:13]} Nxd1 {[%clk 1:07:00]} 18. Nxe6
{[%clk 1:22:33]} fxe6 {[%clk 1:07:09]} 19. Rxd1 {[%clk 1:22:58]} Qc5 {[%clk
1:05:14]} 20. Qe2 {[%clk 1:22:04]} Qb6 {[%clk 1:01:49]} 21. Bc4 {[%clk 1:21:26]}
Re8 {[%clk 1:01:49]} 22. a4 {[%clk 1:17:40]} f5 {[%clk 0:59:54]} 23. Bb3 {[%clk
1:18:04]} Kh8 {[%clk 0:42:21]} 24. Rd7 {[%clk 1:11:43]} a6 {[%clk 0:24:20]} 25.
Qd2 {[%clk 1:07:40]} Qc6 {[%clk 0:16:44]} 26. Rd6 {[%clk 0:56:15]} Qc5 {[%clk
0:07:10]} 27. Rxe6 {[%clk 0:45:05]} Rxe6 {[%clk 0:07:33]} 28. Bxe6 {[%clk
0:44:06]} Qb6 {[%clk 0:02:39]} 29. Bb3 {[%clk 0:44:22]} Qd4 {[%clk 0:02:58]} 30.
Qxd4 {[%clk 0:40:38]} Bxd4 {[%clk 0:03:17]} 31. a5 {[%clk 0:41:02]} b6 {[%clk
0:03:42]} 32. axb6 {[%clk 0:41:27]} Bxb6 {[%clk 0:04:06]} 33. Bc4 {[%clk
0:41:27]} a5 {[%clk 0:04:31]} 34. Ka2 {[%clk 0:41:52]} Bc7 {[%clk 0:04:19]} 35.
h3 {[%clk 0:41:34]} Kg7 {[%clk 0:04:28]} 36. Kb3 {[%clk 0:41:58]} Kf6 {[%clk
0:04:05]} 37. Bg8 {[%clk 0:42:12]} h6 {[%clk 0:04:02]} 38. c4 {[%clk 0:42:27]}
Ke5 39. Ka4 {[%clk 0:42:08]} g5 40. Kb5 {[%clk 0:42:33]} Kd6 41. c5+ {[%clk
0:42:29]} Ke7 42. Kc6 {[%clk 0:42:35]} Be5 43. b3 {[%clk 0:42:54]} Bd4 44. Kd5
{[%clk 0:42:41]} Bf2 45. Be6 {[%clk 0:38:06]} h5 46. c6 {[%clk 0:35:36]} Bg3 47.
Bxf5 {[%clk 0:35:42]} h4 48. Kc5 {[%clk 0:35:45]} Bc7 49. Be4 {[%clk 0:33:04]}
1/2-1/2

[Event "Irena Warakomska Memorial A"]
[Site "Suwalki"]
[Date "2018.08.07"]
[Round "8"]
[White "Lisowski, Krzysztof"]
[Black "Sliwerski, Radoslaw"]
[Result "1/2-1/2"]
[Board "43"]
[WhiteElo "2072"]
[WhiteCountry "POL"]
[WhiteFideId "1110969"]
[WhiteEloChange "-2"]
[BlackElo "2011"]
[BlackCountry "POL"]
[BlackFideId "1115308"]
[BlackEloChange "2"]

1. e4 {[%clk 1:30:47]} c5 {[%clk 1:30:57]} 2. Nf3 {[%clk 1:31:10]} d6 {[%clk
1:31:15]} 3. Bb5+ {[%clk 1:31:27]} Nd7 {[%clk 1:31:20]} 4. Ba4 {[%clk 1:31:46]}
a6 {[%clk 1:21:05]} 5. c4 {[%clk 1:32:02]} Nf6 {[%clk 1:17:38]} 6. O-O {[%clk
1:32:25]} g6 {[%clk 1:16:53]} 7. Nc3 {[%clk 1:32:31]} Bg7 {[%clk 1:16:17]} 8. d3
{[%clk 1:31:32]} O-O {[%clk 1:15:08]} 9. h3 {[%clk 1:31:51]} h6 {[%clk 1:09:27]}
10. Be3 {[%clk 1:32:06]} e5 {[%clk 1:09:33]} 11. Qd2 {[%clk 1:27:21]} Kh7 {[%clk
1:09:53]} 12. Rab1 {[%clk 1:25:57]} Nb6 {[%clk 0:59:08]} 13. Bc2 {[%clk 1:20:10]}
a5 {[%clk 0:53:07]} 14. b3 {[%clk 1:12:14]} Nh5 {[%clk 0:48:16]} 15. Nh2 {[%clk
0:54:51]} Nf4 {[%clk 0:45:01]} 16. Ne2 {[%clk 0:53:49]} f5 {[%clk 0:35:55]} 17.
f3 {[%clk 0:44:31]} Nxe2+ {[%clk 0:33:38]} 18. Qxe2 {[%clk 0:44:56]} f4 {[%clk
0:34:04]} 19. Bf2 {[%clk 0:44:31]} h5 {[%clk 0:34:18]} 20. a3 {[%clk 0:42:30]}
Nd7 {[%clk 0:31:58]} 21. b4 {[%clk 0:42:20]} axb4 {[%clk 0:32:22]} 22. axb4
{[%clk 0:42:46]} b6 {[%clk 0:32:32]} 23. Ra1 {[%clk 0:38:44]} Rxa1 {[%clk
0:24:45]} 24. Rxa1 {[%clk 0:39:10]} Qc7 {[%clk 0:24:33]} 25. Bd1 {[%clk 0:30:34]}
Bb7 {[%clk 0:23:33]} 26. Qb2 {[%clk 0:28:55]} Ra8 {[%clk 0:22:42]} 27. Rxa8
{[%clk 0:25:15]} Bxa8 {[%clk 0:23:11]} 28. Qa3 {[%clk 0:25:29]} Bc6 {[%clk
0:21:40]} 29. Nf1 {[%clk 0:24:34]} Bf6 {[%clk 0:20:55]} 30. Nd2 {[%clk 0:21:55]}
Qb7 {[%clk 0:18:34]} 31. Nb1 {[%clk 0:19:21]} Qa8 {[%clk 0:18:21]} 32. Qxa8
{[%clk 0:12:36]} Bxa8 {[%clk 0:18:51]} 33. Ba4 {[%clk 0:10:54]} Nb8 {[%clk
0:18:16]} 34. Nc3 {[%clk 0:10:23]} Bc6 {[%clk 0:15:52]} 35. Bb3 {[%clk 0:07:20]}
Be7 {[%clk 0:12:20]} 36. Kf1 {[%clk 0:05:36]} g5 {[%clk 0:10:57]} 37. Ke2 {[%clk
0:05:31]} Kg6 {[%clk 0:11:07]} 38. Kd1 {[%clk 0:04:29]} Bd7 {[%clk 0:10:27]} 39.
Nd5 {[%clk 0:04:10]} Bd8 {[%clk 0:10:49]} 40. Kd2 {[%clk 0:02:14]} g4 {[%clk
0:37:12]} 41. hxg4 {[%clk 0:30:05]} hxg4 {[%clk 0:37:07]} 42. fxg4 {[%clk
0:29:40]} Kg5 {[%clk 0:31:38]} 43. Bd1 {[%clk 0:16:26]} Bxg4 {[%clk 0:31:46]} 44.
Ba4 {[%clk 0:13:34]} Bd7 {[%clk 0:30:45]} 45. Bd1 {[%clk 0:12:34]} Be6 {[%clk
0:27:14]} 46. Kc3 {[%clk 0:09:55]} Nc6 {[%clk 0:24:46]} 47. b5 {[%clk 0:09:08]}
Ne7 {[%clk 0:24:47]} 48. Nxe7 {[%clk 0:08:32]} Bxe7 {[%clk 0:25:16]} 49. Kd2
{[%clk 0:07:08]} Bg4 {[%clk 0:25:33]} 50. Bf3 {[%clk 0:05:41]} Kh5 {[%clk
0:22:07]} 51. Ke2 {[%clk 0:05:26]} Bh4 {[%clk 0:22:05]} 52. Bg1 {[%clk 0:03:56]}
Bg3 {[%clk 0:20:54]} 53. Kf1 {[%clk 0:01:14]} Kh4 {[%clk 0:18:49]} 54. Ke2 {[%clk
0:01:31]} Bxf3+ {[%clk 0:18:17]} 55. Kxf3 {[%clk 0:01:11]} Kh5 {[%clk 0:17:22]}
56. Be3 {[%clk 0:01:03]} Be1 {[%clk 0:13:43]} 57. Bc1 {[%clk 0:01:16]} Bc3 {[%clk
0:13:27]} 58. g3 {[%clk 0:01:04]} fxg3 {[%clk 0:13:13]} 59. Kxg3 {[%clk 0:01:26]}
Be1+ {[%clk 0:13:12]} 60. Kh3 {[%clk 0:01:24]} 1/2-1/2

[Event "Irena Warakomska Memorial A"]
[Site "Suwalki"]
[Date "2018.08.07"]
[Round "8"]
[White "Nowak, Lukasz"]
[Black "Vetoshko, Volodymyr"]
[Result "1/2-1/2"]
[Board "44"]
[WhiteElo "2293"]
[WhiteCountry "POL"]
[WhiteFideId "1166760"]
[WhiteEloChange "6"]
[BlackElo "2521"]
[BlackTitle "GM"]
[BlackCountry "UKR"]
[BlackFideId "14122480"]
[BlackEloChange "-3"]

1. e4 {[%clk 1:30:50]} c5 {[%clk 1:30:41]} 2. Nf3 {[%clk 1:31:11]} e6 {[%clk
1:31:02]} 3. d4 {[%clk 1:31:31]} cxd4 {[%clk 1:31:27]} 4. Nxd4 {[%clk 1:31:54]}
Nc6 {[%clk 1:31:44]} 5. Nc3 {[%clk 1:32:08]} Qc7 {[%clk 1:31:48]} 6. f4 {[%clk
1:31:05]} a6 {[%clk 1:31:59]} 7. Nxc6 {[%clk 1:31:09]} bxc6 {[%clk 1:32:11]} 8.
Bd3 {[%clk 1:31:06]} d5 {[%clk 1:32:16]} 9. O-O {[%clk 1:31:17]} Nf6 {[%clk
1:32:32]} 10. Qe2 {[%clk 1:30:53]} Be7 {[%clk 1:32:13]} 11. e5 {[%clk 1:25:18]}
Nd7 {[%clk 1:32:07]} 12. Na4 {[%clk 1:22:14]} c5 {[%clk 1:27:26]} 13. b3 {[%clk
1:19:08]} Bb7 {[%clk 1:24:54]} 14. c4 {[%clk 1:14:19]} d4 {[%clk 1:24:25]} 15.
Bd2 {[%clk 1:14:06]} O-O {[%clk 1:06:44]} 16. Rae1 {[%clk 1:13:15]} g6 {[%clk
1:01:24]} 17. Qg4 {[%clk 0:55:40]} Rae8 {[%clk 0:56:11]} 18. Nb2 {[%clk 0:48:23]}
f5 {[%clk 0:37:24]} 19. exf6 {[%clk 0:40:48]} Bd6 {[%clk 0:37:40]} 20. f7+ {[%clk
0:31:29]} Kxf7 {[%clk 0:35:15]} 21. Qh3 {[%clk 0:20:49]} Nf6 {[%clk 0:34:25]} 22.
Nd1 {[%clk 0:18:34]} Kg8 {[%clk 0:31:01]} 23. Nf2 {[%clk 0:14:37]} e5 {[%clk
0:29:03]} 24. fxe5 {[%clk 0:11:09]} Bxe5 {[%clk 0:28:27]} 25. g3 {[%clk 0:05:30]}
Bf3 {[%clk 0:21:00]} 26. Ne4 {[%clk 0:04:39]} Bxe4 {[%clk 0:19:08]} 27. Bxe4
{[%clk 0:04:53]} Nxe4 {[%clk 0:05:16]} 28. Rxe4 {[%clk 0:04:05]} Rxf1+ {[%clk
0:02:33]} 29. Qxf1 {[%clk 0:04:27]} Rf8 {[%clk 0:01:36]} 1/2-1/2